000 00957cam a2200301 a 4500
001 1343
005 20230818093450.0
008 990603s1999 caua b 000 1 eng
020 _a0811825582
020 _a9780811825580
040 _aDLC
_cDLC
_dDLC
_beng
050 0 0 _aPZ8.3.S457
_bPe 1999
082 0 0 _a[E]
_221
100 1 _aSeibold, J.otto.
245 1 0 _aPenguin dreams /
_cJ. Otto Seibold and V.L. Walsh.
260 _aSan Francisco :
_bChronicle Books,
_c1999
300 _a24 unnumbered pages :
_bcolor illustrations ;
_c25 cm
505 _aF
520 _aChongo Chingi the penguin has a dream in which he experiences the excitement of flying, but then he must wake up.
521 _a370
_bLexile AD
521 _aF
_bRaz-Plus
650 1 _aPenguins
_vFiction.
650 1 _aFlight
_vFiction.
650 1 _aStories in rhyme.
700 1 _aWalsh, Vivian.
906 _a7
_bcbc
_corignew
_d1
_eocip
_f19
_gy-gencatlg
942 _2ddc
_cBK
_n0
999 _c1343
_d1343